000 00413nam a22001217a 4500
040 _cRUA
082 _aRUA NGO 2010 C217 Or.
100 _aបណ្ឌិត ង៉ោ ប៊ុនថាន
245 _aធនធានមនុស្សសាកលវិទ្យាភូមិន្ទកសិកម្ម២០០៧-២០០៩
260 _aphnom penh
_brua
_c2009
300 _bill.
_c29cm.
942 _cRE
999 _c22541
_d22541